Načítá se...

Budhi Jeevikale Kondu Enthu Prayojanam

Podrobná bibliografie
Hlavní autor: Zakkariya
Médium: Printed Book
Vydáno: Current Books, Thrissur 1998
LEADER 00326nam a2200109 4500
082
100 |a Zakkariya 
245 |a Budhi Jeevikale Kondu Enthu Prayojanam  |c Zakkariya 
260 |a Current Books, Thrissur  |c 1998 
942 |c BK 
999 |c 196979  |d 196979 
952 |0 0  |1 0  |4 0  |7 0  |9 210328  |a DCI  |b DCI  |d 2019-10-29  |l 0  |p DCI3657  |r 2019-10-29  |w 2019-10-29  |y BK